| 000 | 00599nam a2200229Ia 4500 | ||
|---|---|---|---|
| 003 | OSt | ||
| 005 | 20221005124919.0 | ||
| 006 | a|||||r|||| 00| 0 | ||
| 007 | ta | ||
| 008 | 221004b |||||||| |||| 00| 0 eng d | ||
| 024 | _a70990 | ||
| 037 | _cTextual | ||
| 040 |
_aCRL _cCRL _beng |
||
| 041 |
_2eng _aeng |
||
| 082 | _aY1:45.21, C2 | ||
| 100 |
_aMullaly Frederick S. _9635956 |
||
| 245 | 0 | _aNotes on criminal classes of the Madras Presidency | |
| 260 | _c1892 | ||
| 650 | _aSOCIOLOGY | ||
| 942 |
_hY1:45.21, C2 _cTEXL _2cc |
||
| 999 |
_c1052123 _d1052123 |
||